000 00548nam a2200181Ia 4500
999 _c23360
_d23360
003 OSt
005 20200206110800.0
008 190216s9999||||xx |||||||||||||| ||und||
040 _coclc
082 _a297.63
_bBEK/P
100 _aBek, Muhammed Khudri
_91844
245 0 _aPravachaka Charithram Noorul Yaqeen Paribasha /
_cMuhammed Khudri Bek
250 _a3rd ed.
260 _bAshrafi Book Centre,
_c2013.
_aTirurangadi:
300 _a366p
650 _aIslamic History
942 _cBK
_2ddc
_h297.63
_iBEK/P
_k297.63
_mBEK/P